=LDR 00000nam 2200000 4500 =001 INLIS000000000038342 =005 20130612144019 =008 ***********************************Ind** =035 ##$$0010-061300000038342 =041 ##$$a Ind =082 ##$$a 641.8 =090 ##$$a 641.8, Win k =100 ##$$a Winata, Mary =245 ##$$a Kue Pastry gurih dan manis , Mary Winata =260 ##$$a 2003 $b Jakarta =300 ##$$a 56 hlm, Ilus, 21 cm =650 ##$$a Kue - Resep =850 ##$$a NBPNMAT